[Event "Lignano Sabbiadoro op 2nd"]
[Site "Lignano Sabbiadoro"]
[Date "2016.08.07"]
[Round "9"]
[White "D'Alfonso, Nicola"]
[Black "Mufic, Goran"]
[Result "1/2-1/2"]
[WhiteElo "1999"]
[BlackElo "2255"]
[PlyCount "89"]
[EventDate "2016.07.31"]
[EventType "swiss"]
[EventRounds "9"]
[EventCountry "ITA"]
[SourceTitle "CBM 173 Extra"]
[Source "ChessBase"]
[SourceDate "2016.08.29"]
[SourceVersion "1"]
[SourceVersionDate "2016.08.29"]
[SourceQuality "1"]

1. d4 d5 2. c4 e6 3. Nc3 Nf6 4. Nf3 c6 5. cxd5 exd5 6. Bg5 Bf5 7. Qb3 Qb6 8. Qxb6 axb6 9. Bxf6 gxf6 10. Nh4 Bg6 11. f4 f5 12. e3 Be7 13. Nf3 Kd7 14. Bd3 Ke6 15. 0-0 Nd7 16. Ne2 h5 17. a3 b5 18. Ne5 Nb6 19. g3 Nc4 20. Nxc4 bxc4 21. Bc2 b5 22. Nc3 Ra7 23. h3 Rha8 24. Rab1 b4 25. axb4 Bxb4 26. h4 Bxc3 27. bxc3 Ra2 28. Rf2 R8a3 29. Rc1 Ra1 30. Rxa1 Rxa1+ 31. Rf1 Ra3 32. Rc1 Kd6 33. Bd1 f6 34. Kf2 Ra2+ 35. Rc2 Ra1 36. Ke2 Be8 37. Kd2 c5 38. Rb2 cxd4 39. exd4 Ba4 40. Bxh5 Bb3 41. Bg6 Rg1 42. Bxf5 Rg2+ 43. Kc1 Rg1+ 44. Kd2 Rg2+ 45. Kc1 1/2-1/2

[Event "Lignano Sabbiadoro op 2nd"]
[Site "Lignano Sabbiadoro"]
[Date "2016.08.06"]
[Round "8"]
[White "Fuochi, Tommaso"]
[Black "D'Alfonso, Nicola"]
[Result "0-1"]
[WhiteElo "2063"]
[BlackElo "1999"]
[PlyCount "112"]
[EventDate "2016.07.31"]
[EventType "swiss"]
[EventRounds "9"]
[EventCountry "ITA"]
[SourceTitle "CBM 173 Extra"]
[Source "ChessBase"]
[SourceDate "2016.08.29"]
[SourceVersion "1"]
[SourceVersionDate "2016.08.29"]
[SourceQuality "1"]

1. Nf3 f5 2. c4 Nf6 3. g3 e6 4. Bg2 d5 5. Qc2 c6 6. 0-0 Bd6 7. cxd5 cxd5 8. d3 Nc6 9. Nbd2 0-0 10. Nb3 Bd7 11. Be3 Rc8 12. Rfc1 b6 13. Qd1 Qe8 14. Nfd4 Ng4 15. Nxc6 Bxc6 16. Bf3 Qh5 17. Bxg4 Qxg4 18. f4 e5 19. Qf1 g5 20. Qg2 Ba8 21. Rxc8 Rxc8 22. h3 Qh5 23. Rc1 Re8 24. g4 Qf7 25. gxf5 d4 26. Qxg5+ Kh8 27. fxe5 dxe3 28. Qxe3 Qxf5 29. Qf2 Rg8+ 30. Kf1 Bg2+ 31. Ke1 Bb4+ 32. Rc3 Bxc3+ 33. bxc3 Qxf2+ 34. Kxf2 Bxh3 35. e4 Bc8 36. d4 h5 37. Nd2 h4 38. Nf3 h3 39. d5 Rg2+ 40. Kf1 Bg4 41. Nd4 Rg3 42. Kf2 Rg2+ 43. Kf1 Rg3 44. Kf2 h2 45. Kxg3 h1Q 46. Kf4 Bh5 47. e6 Qh4+ 48. Ke5 Qg3+ 49. Kf6 Qxc3 50. Ke5 Qg3+ 51. Kf5 Qg4+ 52. Ke5 Qg7+ 53. Kd6 Qxd4 54. Ke7 Qg7+ 55. Kd6 Kg8 56. e5 Kf8 0-1

[Event "Lignano Sabbiadoro op 2nd"]
[Site "Lignano Sabbiadoro"]
[Date "2016.08.05"]
[Round "7"]
[White "Santi, Andrea"]
[Black "D'Alfonso, Nicola"]
[Result "0-1"]
[WhiteElo "2158"]
[BlackElo "1999"]
[PlyCount "64"]
[EventDate "2016.07.31"]
[EventType "swiss"]
[EventRounds "9"]
[EventCountry "ITA"]
[SourceTitle "CBM 173 Extra"]
[Source "ChessBase"]
[SourceDate "2016.08.29"]
[SourceVersion "1"]
[SourceVersionDate "2016.08.29"]
[SourceQuality "1"]

1. e4 d5 2. exd5 Qxd5 3. Nc3 Qa5 4. Nf3 Nf6 5. Be2 Bf5 6. a3 c6 7. d3 e6 8. Nh4 Bg6 9. Nxg6 hxg6 10. Bf3 Bd6 11. g3 Nbd7 12. Qe2 Qb6 13. Ne4 Nxe4 14. Bxe4 e5 15. c3 f5 16. Bg2 0-0-0 17. b4 Nf6 18. Be3 Qc7 19. 0-0-0 Kb8 20. Kb2 Ng4 21. Bg5 Rde8 22. h3 Nf6 23. Qc2 Re6 24. Rhe1 Rhe8 25. Qb3 e4 26. dxe4 fxe4 27. Rd4 Bxg3 28. Red1 Bxf2 29. Qxe6 Rxe6 30. Rd8+ Qxd8 31. Rxd8+ Kc7 32. Rf8 e3 0-1

[Event "Milan SSM August A"]
[Site "Milan"]
[Date "2015.08.02"]
[Round "4"]
[White "Corti, Massimo"]
[Black "D'Alfonso, Nicola"]
[Result "1/2-1/2"]
[WhiteElo "1938"]
[BlackElo "2038"]
[PlyCount "53"]
[EventDate "2015.07.31"]
[EventType "swiss"]
[EventRounds "7"]
[EventCountry "ITA"]
[SourceTitle "EXT 2024"]
[Source "ChessBase"]
[SourceDate "2023.10.10"]
[SourceVersion "1"]
[SourceVersionDate "2023.10.10"]
[SourceQuality "1"]

1. d4 f5 2. c4 Nf6 3. g3 e6 4. Bg2 c6 5. Nf3 d5 6. b3 Bd6 7. 0-0 Qe7 8. a4 a5 9. Ba3 Bxa3 10. Nxa3 Na6 11. Ne5 Nd7 12. f4 Nxe5 13. fxe5 0-0 14. Qd2 Nb4 15. Rfc1 h5 16. Nc2 Nxc2 17. Rxc2 h4 18. Rc3 dxc4 19. Rxc4 hxg3 20. hxg3 Bd7 21. b4 axb4 22. Qxb4 Qxb4 23. Rxb4 b5 24. e3 Ra7 25. Bf3 Rfa8 26. Bd1 Kf7 27. Ra2 1/2-1/2

[Event "Milan SSM August A"]
[Site "Milan"]
[Date "2015.07.31"]
[Round "1"]
[White "Vezzosi, Paolo"]
[Black "D'Alfonso, Nicola"]
[Result "1-0"]
[WhiteElo "2349"]
[BlackElo "2038"]
[PlyCount "69"]
[EventDate "2015.07.31"]
[EventType "swiss"]
[EventRounds "7"]
[EventCountry "ITA"]
[SourceTitle "EXT 2024"]
[Source "ChessBase"]
[SourceDate "2023.10.10"]
[SourceVersion "1"]
[SourceVersionDate "2023.10.10"]
[SourceQuality "1"]

1. Nf3 f5 2. g3 Nf6 3. Bg2 e6 4. c4 d5 5. b3 Bd6 6. 0-0 Qe7 7. d4 c6 8. Ne5 Nbd7 9. Nd3 dxc4 10. bxc4 e5 11. dxe5 Nxe5 12. Nd2 0-0 13. Bb2 Ned7 14. Rc1 Ne4 15. Nxe4 fxe4 16. c5 Nxc5 17. Nxc5 Bxc5 18. Qa4 Bd6 19. Bxe4 Be6 20. Bb1 Bf5 21. e4 Bh3 22. e5 Bb4 23. Qc2 Bf5 24. Qc4+ Be6 25. Qe2 Rad8 26. Qh5 g6 27. Bxg6 hxg6 28. Qxg6+ Kh8 29. Rc4 Rd2 30. Rxb4 Qxb4 31. Qh6+ Kg8 32. Qg6+ Kh8 33. Bc1 Rd5 34. Bg5 Rxf2 35. Rxf2 1-0

[Event "Milan SSM op 05"]
[Site "Milan"]
[Date "2015.05.24"]
[Round "5"]
[White "Romagnoli, Thomas"]
[Black "D'Alfonso, Nicola"]
[Result "0-1"]
[WhiteElo "1854"]
[BlackElo "2013"]
[PlyCount "40"]
[EventDate "2015.05.20"]
[EventType "swiss"]
[EventRounds "6"]
[EventCountry "ITA"]
[SourceTitle "EXT 2017"]
[Source "ChessBase"]
[SourceDate "2016.10.25"]
[SourceVersion "1"]
[SourceVersionDate "2016.10.25"]
[SourceQuality "1"]

1. e4 d5 2. exd5 Qxd5 3. Nc3 Qa5 4. d4 Nf6 5. Bd2 c6 6. Nf3 Bf5 7. Bc4 e6 8. 0-0 Nbd7 9. Re1 Qc7 10. d5 cxd5 11. Bxd5 Bc5 12. Be3 0-0-0 13. Bb3 Ne5 14. Qe2 Bxe3 15. Qxe3 Nfg4 16. Qxa7 Nxf3+ 17. gxf3 Qxh2+ 18. Kf1 Rd2 19. Qa8+ Kc7 20. Qa5+ Kb8 0-1

[Event "Milan SSM op 05"]
[Site "Milan"]
[Date "2015.05.23"]
[Round "4"]
[White "Cerioni, Armando"]
[Black "D'Alfonso, Nicola"]
[Result "0-1"]
[WhiteElo "1994"]
[BlackElo "2013"]
[PlyCount "36"]
[EventDate "2015.05.20"]
[EventType "swiss"]
[EventRounds "6"]
[EventCountry "ITA"]
[SourceTitle "EXT 2017"]
[Source "ChessBase"]
[SourceDate "2016.10.25"]
[SourceVersion "1"]
[SourceVersionDate "2016.10.25"]
[SourceQuality "1"]

1. Nf3 f5 2. d3 Nf6 3. e4 d6 4. exf5 Bxf5 5. d4 Nbd7 6. Nc3 c6 7. Bd3 Bg4 8. h3 Bxf3 9. Qxf3 Qb6 10. Be3 Qxb2 11. Kd2 Qb4 12. Rab1 Qa5 13. Rxb7 Nd5 14. Qh5+ g6 15. Bxg6+ hxg6 16. Qxg6+ Kd8 17. Rb3 N7f6 18. g4 Nxc3 0-1

[Event "Milan SSM op 05"]
[Site "Milan"]
[Date "2015.05.22"]
[Round "3"]
[White "D'Alfonso, Nicola"]
[Black "Pelizzola, Danilo"]
[Result "1/2-1/2"]
[WhiteElo "2013"]
[BlackElo "2080"]
[PlyCount "87"]
[EventDate "2015.05.20"]
[EventType "swiss"]
[EventRounds "6"]
[EventCountry "ITA"]
[SourceTitle "EXT 2017"]
[Source "ChessBase"]
[SourceDate "2016.10.25"]
[SourceVersion "1"]
[SourceVersionDate "2016.10.25"]
[SourceQuality "1"]

1. Nf3 Nf6 2. g3 b6 3. Bg2 Bb7 4. 0-0 e6 5. d3 d5 6. Nbd2 Be7 7. Re1 0-0 8. e4 dxe4 9. Ng5 Nbd7 10. Ngxe4 Nxe4 11. Nxe4 Rb8 12. Nd2 Bxg2 13. Kxg2 Nf6 14. b3 Qd4 15. Rb1 Bc5 16. Qe2 Bb4 17. Nf3 Qd5 18. Bd2 Bxd2 19. Qxd2 Rbd8 20. Qf4 Qc6 21. Qc4 Qb7 22. Re5 Rd5 23. Rxd5 Nxd5 24. Kg1 c5 25. Re1 Nf6 26. Ne5 Rd8 27. c3 Qd5 28. Qxd5 Nxd5 29. Rc1 f6 30. Nf3 Rc8 31. Kf1 Kf7 32. Ke2 e5 33. Kd2 g5 34. c4 Nb4 35. a3 Nc6 36. g4 Rd8 37. Kc3 a5 38. Nd2 h5 39. f3 hxg4 40. fxg4 Rh8 41. Rf1 Nd4 42. Ne4 Rxh2 43. Rxf6+ Ke7 44. Rf2 1/2-1/2

[Event "Milan Carnevale op-A 6th"]
[Site "Milan"]
[Date "2015.02.21"]
[Round "4"]
[White "Cerioni, Armando"]
[Black "D'Alfonso, Nicola"]
[Result "0-1"]
[WhiteElo "1947"]
[BlackElo "2022"]
[PlyCount "54"]
[EventDate "2015.02.18"]
[EventType "swiss"]
[EventRounds "6"]
[EventCountry "ITA"]
[SourceTitle "EXT 2017"]
[Source "ChessBase"]
[SourceDate "2016.10.25"]
[SourceVersion "1"]
[SourceVersionDate "2016.10.25"]
[SourceQuality "1"]

1. d4 Nf6 2. c4 d6 3. f4 Bf5 4. Nc3 e6 5. Nf3 c6 6. Nh4 Ne4 7. Nxf5 exf5 8. Nxe4 fxe4 9. e3 Nd7 10. Qg4 g6 11. Bd2 f5 12. Qg3 Be7 13. h4 d5 14. 0-0-0 Nb6 15. Ba5 Qc8 16. h5 Kf7 17. c5 Nd7 18. Be2 b6 19. Bc3 Bf6 20. Rh2 bxc5 21. Rdh1 c4 22. hxg6+ hxg6 23. Rxh8 Bxh8 24. Rh7+ Bg7 25. Bxc4 dxc4 26. d5 Nf6 27. Qg5 Nxh7 0-1

[Event "Milan Carnevale op-A 6th"]
[Site "Milan"]
[Date "2015.02.18"]
[Round "1"]
[White "D'Alfonso, Nicola"]
[Black "Nordio, Giorgio"]
[Result "1-0"]
[WhiteElo "2022"]
[BlackElo "1863"]
[PlyCount "83"]
[EventDate "2015.02.18"]
[EventType "swiss"]
[EventRounds "6"]
[EventCountry "ITA"]
[SourceTitle "EXT 2017"]
[Source "ChessBase"]
[SourceDate "2016.10.25"]
[SourceVersion "1"]
[SourceVersionDate "2016.10.25"]
[SourceQuality "1"]

1. Nf3 c6 2. b3 d5 3. Bb2 Bf5 4. g3 Nf6 5. Bg2 Nbd7 6. 0-0 e6 7. d3 Be7 8. Nh4 Bg6 9. c4 0-0 10. e4 dxe4 11. Nxg6 hxg6 12. dxe4 Qc7 13. Qe2 Rfd8 14. e5 Ne8 15. Nd2 Nc5 16. Be4 Rd7 17. Rad1 Rad8 18. Bb1 Nd3 19. Bc3 c5 20. a3 b5 21. cxb5 c4 22. Nxc4 Nc5 23. Bc2 Qb7 24. a4 Qc8 25. Rxd7 Rxd7 26. Rd1 Bd8 27. Rxd7 Nxd7 28. h4 Qc5 29. Qd3 Bb6 30. Nxb6 Nxb6 31. Bd4 Qc7 32. a5 Nd5 33. Qd2 Qb7 34. Bd3 Nec7 35. b6 axb6 36. axb6 Nxb6 37. Qb4 Ncd5 38. Qc5 Nd7 39. Qb5 Qc7 40. Bc4 Nxe5 41. Bxd5 exd5 42. Qe8+ 1-0

[Event "Milan Befana op"]
[Site "Milan"]
[Date "2014.01.06"]
[Round "7"]
[White "D'Alfonso, Nicola"]
[Black "Bemporad, Filippo"]
[Result "1/2-1/2"]
[WhiteElo "2034"]
[BlackElo "2060"]
[PlyCount "59"]
[EventDate "2014.01.02"]
[EventType "swiss"]
[EventRounds "7"]
[EventCountry "ITA"]
[SourceTitle "EXT 2015"]
[Source "ChessBase"]
[SourceDate "2014.11.20"]
[SourceVersion "1"]
[SourceVersionDate "2014.11.20"]
[SourceQuality "1"]

1. d4 Nf6 2. c4 e6 3. Nc3 Bb4 4. Qb3 c5 5. dxc5 Nc6 6. Bg5 h6 7. Bxf6 Qxf6 8. e3 0-0 9. Nf3 Qe7 10. a3 Bxc5 11. Bd3 Bd6 12. Rd1 b6 13. Nb5 Bb8 14. Bb1 d6 15. Qd3 f5 16. Nxd6 Ba6 17. Nxf5 Rxf5 18. g4 Rxf3 19. Qh7+ Kf7 20. Bg6+ Kf6 21. Be4 Ne5 22. Bxa8 Bb7 23. Bxb7 Qxb7 24. Qg8 Qe4 25. Qxb8 Rxe3+ 26. fxe3 Qxe3+ 27. Kf1 Qf3+ 28. Ke1 Qe3+ 29. Kf1 Qf3+ 30. Ke1 1/2-1/2

[Event "Milan Befana op"]
[Site "Milan"]
[Date "2014.01.06"]
[Round "6"]
[White "Lavorgna, Giovanni"]
[Black "D'Alfonso, Nicola"]
[Result "0-1"]
[WhiteElo "1984"]
[BlackElo "2034"]
[PlyCount "70"]
[EventDate "2014.01.02"]
[EventType "swiss"]
[EventRounds "7"]
[EventCountry "ITA"]
[SourceTitle "EXT 2015"]
[Source "ChessBase"]
[SourceDate "2014.11.20"]
[SourceVersion "1"]
[SourceVersionDate "2014.11.20"]
[SourceQuality "1"]

1. e4 c5 2. Nf3 d6 3. Bb5+ Bd7 4. a4 Nc6 5. d3 Nf6 6. 0-0 e6 7. Nbd2 Qc7 8. Re1 Be7 9. c3 e5 10. Nf1 0-0 11. Ng3 a6 12. Bc4 Na5 13. Ba2 b5 14. Nh4 g6 15. axb5 axb5 16. Bg5 Bg4 17. f3 Be6 18. b4 Bxa2 19. Rxa2 cxb4 20. cxb4 Nc6 21. Rc2 Qb6+ 22. Be3 Qb7 23. Qd2 Ra4 24. Rec1 Ra6 25. Kf1 Ne8 26. Bg5 Bxg5 27. Qxg5 Nxb4 28. Rc8 Ra1 29. Nhf5 Rxc1+ 30. Rxc1 Nxd3 31. Nh6+ Kh8 32. Rc3 Nf4 33. Qd8 b4 34. Rc8 Ne6 35. Rb8 Qa6+ 0-1

[Event "Milan Befana op"]
[Site "Milan"]
[Date "2014.01.05"]
[Round "5"]
[White "D'Alfonso, Nicola"]
[Black "Motola, Jacopo"]
[Result "1/2-1/2"]
[WhiteElo "2034"]
[BlackElo "2063"]
[PlyCount "74"]
[EventDate "2014.01.02"]
[EventType "swiss"]
[EventRounds "7"]
[EventCountry "ITA"]
[SourceTitle "EXT 2015"]
[Source "ChessBase"]
[SourceDate "2014.11.20"]
[SourceVersion "1"]
[SourceVersionDate "2014.11.20"]
[SourceQuality "1"]

1. d4 Nf6 2. c4 c5 3. d5 e6 4. Nf3 exd5 5. cxd5 d6 6. Nc3 g6 7. h3 Bg7 8. e4 0-0 9. Bd3 Re8 10. 0-0 c4 11. Bc2 b5 12. a3 a6 13. Nd4 Bb7 14. Be3 Nbd7 15. Nde2 Qc7 16. Ng3 Nc5 17. Bd4 Re7 18. f4 Rae8 19. Qd2 Qb6 20. Qf2 Nfd7 21. Bxg7 Kxg7 22. f5 f6 23. Nce2 Nd3 24. Qxb6 Nxb6 25. Bxd3 cxd3 26. Nf4 Nc4 27. Nxd3 Nd2 28. Rf2 Nxe4 29. Nxe4 Rxe4 30. fxg6 hxg6 31. Raf1 Bxd5 32. Rxf6 Re2 33. Nf4 Kxf6 34. Nxe2+ Kg7 35. Nc3 Bb7 36. Rd1 Rd8 37. Nd5 a5 1/2-1/2

[Event "Milan Befana op"]
[Site "Milan"]
[Date "2014.01.02"]
[Round "1"]
[White "Raineri, Valerio"]
[Black "D'Alfonso, Nicola"]
[Result "1-0"]
[WhiteElo "2120"]
[BlackElo "2034"]
[PlyCount "65"]
[EventDate "2014.01.02"]
[EventType "swiss"]
[EventRounds "7"]
[EventCountry "ITA"]
[SourceTitle "EXT 2015"]
[Source "ChessBase"]
[SourceDate "2014.11.20"]
[SourceVersion "1"]
[SourceVersionDate "2014.11.20"]
[SourceQuality "1"]

1. e4 c5 2. Nf3 d6 3. d4 cxd4 4. Nxd4 Nf6 5. Nc3 e6 6. Be3 a6 7. f3 b5 8. Qd2 Qc7 9. Bd3 Nbd7 10. 0-0 b4 11. Nce2 d5 12. Rae1 Bd6 13. Ng3 h5 14. exd5 Nxd5 15. f4 Nxe3 16. Qxe3 Bc5 17. Ne4 Bb6 18. c3 bxc3 19. bxc3 Nf6 20. Nxf6+ gxf6 21. Be4 Bb7 22. Kh1 Rg8 23. Qf3 0-0-0 24. Rb1 f5 25. Bxb7+ Qxb7 26. Nc6 Rd7 27. Ne5 Rc7 28. Rb3 Qxf3 29. Nxf3 Be3 30. g3 Rd8 31. Rfb1 f6 32. Rb8+ Kd7 33. Rd1+ 1-0

[Event "Milan Crespi op-A 34th"]
[Site "Milan"]
[Date "2013.12.04"]
[Round "5"]
[White "Quaranta, Cristiano"]
[Black "D'Alfonso, Nicola"]
[Result "0-1"]
[WhiteElo "2169"]
[BlackElo "2032"]
[PlyCount "60"]
[EventDate "2013.11.30"]
[EventType "swiss"]
[EventRounds "9"]
[EventCountry "ITA"]
[SourceTitle "CBM 157 Extra"]
[Source "ChessBase"]
[SourceDate "2013.12.19"]
[SourceVersion "1"]
[SourceVersionDate "2013.12.19"]
[SourceQuality "1"]

1. Nf3 Nf6 2. c4 e6 3. g3 d5 4. b3 Bd6 5. Bb2 0-0 6. Bg2 Nbd7 7. d4 c6 8. Nc3 Qe7 9. a3 dxc4 10. bxc4 e5 11. d5 cxd5 12. cxd5 e4 13. Nd4 e3 14. fxe3 Nc5 15. e4 Nfxe4 16. Nxe4 Nxe4 17. Qd3 Bb4+ 18. axb4 Qxb4+ 19. Bc3 Nxc3 20. Kf2 Rd8 21. e4 f5 22. exf5 Nxd5 23. Rab1 Qd6 24. Qc4 Kh8 25. Nb5 Qe5 26. Rhe1 Qxf5+ 27. Kg1 Ne3 28. Qh4 Rd2 29. Be4 Qf2+ 30. Kh1 Bf5 0-1

[Event "Milan Crespi op-A 34th"]
[Site "Milan"]
[Date "2013.11.30"]
[Round "1"]
[White "D'Alfonso, Nicola"]
[Black "Tonndorf, Matthias"]
[Result "0-1"]
[WhiteElo "2032"]
[BlackElo "2219"]
[PlyCount "134"]
[EventDate "2013.11.30"]
[EventType "swiss"]
[EventRounds "9"]
[EventCountry "ITA"]
[SourceTitle "CBM 157 Extra"]
[Source "ChessBase"]
[SourceDate "2013.12.19"]
[SourceVersion "1"]
[SourceVersionDate "2013.12.19"]
[SourceQuality "1"]

1. d4 Nf6 2. c4 e6 3. Nc3 Bb4 4. g3 c5 5. Nf3 Ne4 6. Bd2 Nxd2 7. Qxd2 cxd4 8. Nxd4 0-0 9. Bg2 Nc6 10. Ndb5 Ne5 11. b3 Qa5 12. a3 a6 13. 0-0 axb5 14. axb4 Qxa1 15. Rxa1 Rxa1+ 16. Bf1 bxc4 17. f4 Ng6 18. bxc4 d5 19. Qb2 Ra8 20. cxd5 exd5 21. Nxd5 Be6 22. Nc7 Rac8 23. Nxe6 fxe6 24. Bh3 Kf7 25. f5 exf5 26. Bxf5 Rce8 27. Qb3+ Kf6 28. Qc2 Ne5 29. Bh3 g6 30. Qc7 Re7 31. Qd6+ Kf7 32. Bg2 Rfe8 33. Bxb7 Rd7 34. Bd5+ Kg7 35. Qc5 h5 36. h3 Rde7 37. b5 Nd7 38. Qd4+ Nf6 39. Bf3 g5 40. g4 hxg4 41. hxg4 Rd7 42. Qc5 Rd1+ 43. Kf2 Kh6 44. b6 Rd7 45. b7 Rf7 46. Ke1 Ref8 47. Kd2 Rd8+ 48. Kc3 Re8 49. Kb4 Ref8 50. Ka5 Re8 51. Ka6 Nd7 52. Qd6+ Kg7 53. Qc7 Kf6 54. Ka7 Ne5 55. Qb6+ Kg7 56. Be4 Rf1 57. b8Q Ra1+ 58. Kb7 Rxb8+ 59. Kxb8 Nd7+ 60. Kc7 Nxb6 61. Kxb6 Ra2 62. Bd3 Kf6 63. Kc5 Ke5 64. Kc4 Ra4+ 65. Kc3 Rxg4 66. Kd2 Rg2 67. Ke1 Kd4 0-1

[Event "Milan Crespi op 26th"]
[Site "Milan"]
[Date "2005.12.08"]
[Round "3"]
[White "Papa, Angelo"]
[Black "D'Alfonso, Nicola"]
[Result "0-1"]
[WhiteElo "1900"]
[BlackElo "2098"]
[PlyCount "104"]
[EventDate "2005.12.07"]
[EventType "swiss"]
[EventRounds "7"]
[EventCountry "ITA"]
[SourceTitle "EXT 2007"]
[Source "ChessBase"]
[SourceDate "2006.11.23"]
[SourceVersion "1"]
[SourceVersionDate "2006.11.23"]
[SourceQuality "1"]

1. d4 Nf6 2. Nf3 e6 3. c4 b6 4. e3 d5 5. Bd3 Be7 6. 0-0 0-0 7. Nc3 Bb7 8. b3 c5 9. Bb2 Nbd7 10. Ne5 dxc4 11. bxc4 cxd4 12. exd4 Nxe5 13. dxe5 Nd7 14. Ne4 Nc5 15. Nxc5 Bxc5 16. Qe2 Qh4 17. g3 Qe7 18. Be4 Bxe4 19. Qxe4 Rad8 20. Rad1 Rxd1 21. Rxd1 Rd8 22. Rxd8+ Qxd8 23. Qe2 h6 24. h4 Bb4 25. Kg2 Qd2 26. Qxd2 Bxd2 27. Kf3 Bb4 28. Ke4 h5 29. Kd3 Kf8 30. Bc3 Be7 31. f4 Ke8 32. a4 Kd7 33. a5 Kc6 34. axb6 Kxb6 35. Be1 a5 36. Ke4 Bb4 37. Bf2+ Kc6 38. f5 exf5+ 39. Kxf5 Bc3 40. Ke4 a4 41. e6 fxe6 42. Kd3 Be5 43. Kc2 Bd6 44. Kb2 Bc5 45. Be1 Bd4+ 46. Ka3 Kc5 47. Kxa4 Kxc4 48. Ka3 e5 49. Ka2 Kd3 50. Kb3 Ke2 51. Bc3 Bxc3 52. Kxc3 e4 0-1

[Event "Milan Crespi op 26th"]
[Site "Milan"]
[Date "2005.12.07"]
[Round "1"]
[White "Bettini, Massimo"]
[Black "D'Alfonso, Nicola"]
[Result "0-1"]
[WhiteElo "1923"]
[BlackElo "2098"]
[PlyCount "44"]
[EventDate "2005.12.07"]
[EventType "swiss"]
[EventRounds "7"]
[EventCountry "ITA"]
[SourceTitle "EXT 2007"]
[Source "ChessBase"]
[SourceDate "2006.11.23"]
[SourceVersion "1"]
[SourceVersionDate "2006.11.23"]
[SourceQuality "1"]

1. e4 c5 2. Nf3 d6 3. d4 cxd4 4. Nxd4 Nf6 5. Nc3 a6 6. Rg1 e5 7. Nb3 b5 8. Bg5 Be7 9. Bxf6 Bxf6 10. Qf3 Be6 11. Nd5 Bxd5 12. exd5 0-0 13. Qe4 g6 14. 0-0-0 Bg5+ 15. Kb1 f5 16. Qf3 a5 17. Bxb5 a4 18. Nc1 a3 19. b3 e4 20. Qh3 Qb6 21. Bc4 Ra4 22. Ka1 Rxc4 0-1